[Event "Tradewise Gibraltar Chess Festival 2016"]
[Site "Gibraltar"]
[Date "2016.01.30"]
[Round "5.40"]
[White "Khotenashvili, Bela"]
[Black "Bellon Lopez, Juan Manuel"]
[Result "*"]
[WhiteElo "2502"]
[BlackElo "2376"]
[PlyCount "72"]
[EventDate "2016.01.26"]
[Source "GM Rep 1 - 1.d4"]
[SourceDate "2011.01.01"]

1. d4 Nf6 2. c4 c6 3. Nf3 d5 4. e3 a6 5. Bd3 g6 6. h3 Bg7 7. O-O O-O 8. Nbd2
Bf5 9. Bxf5 gxf5 10. Qb3 b5 11. cxb5 axb5 12. Qc2 Ne4 13. Ne5 Bxe5 14. dxe5 Qc7
15. f4 Na6 16. Nf3 Nb4 17. Qb3 Ra4 18. a3 c5 19. Bd2 c4 20. Qd1 Nd3 21. Qc2
Rfa8 22. Rab1 Qd7 23. Kh2 R4a6 24. Nd4 Rg6 25. Bc3 Raa6 26. Rbd1 e6 27. Rxd3
cxd3 28. Qxd3 Rb6 29. Bb4 h6 30. Rc1 Kh7 31. Qe2 Rg8 32. Qc2 Rg3 33. Qe2 Rg6
34. Qc2 Qe8 35. Qe2 Qg8 36. Rc2 Qe8 *

[Event "Tradewise Gibraltar Chess Festival 2016"]
[Site "Gibraltar"]
[Date "2016.01.30"]
[Round "5.77"]
[White "Semprun Martinez, Fernando"]
[Black "Herman, Matthew J"]
[Result "0-1"]
[WhiteElo "2178"]
[BlackElo "2370"]
[PlyCount "60"]
[EventDate "2016.01.26"]
[Source "GM Rep 1 - 1.d4"]
[SourceDate "2011.01.01"]

1. e4 e6 2. d4 d5 3. Nc3 Nf6 4. e5 Nfd7 5. f4 c5 6. Nf3 Nc6 7. Be3 Be7 8. Qd2
a6 9. Be2 b5 10. a3 c4 11. f5 Nf8 12. fxe6 Nxe6 13. O-O Ra7 14. Ne1 Rd7 15. Bg4
Nxe5 16. dxe5 d4 17. Nf3 dxe3 18. Qxe3 O-O 19. Rad1 Bb7 20. Rxd7 Qxd7 21. Rd1
Qc6 22. Qe2 Bc5+ 23. Kf1 a5 24. Ke1 b4 25. axb4 axb4 26. Nb1 c3 27. bxc3 bxc3
28. Qd3 Ba6 29. Qxc3 Qe4+ 30. Kd2 Bb4 0-1

[Event "Gibraltar Masters 2016"]
[Site "Caleta ENG"]
[Date "2016.01.27"]
[Round "2.18"]
[White "Duda, Jan-Krzysztof"]
[Black "Akesson, Ralf"]
[Result "1/2-1/2"]
[WhiteElo "2660"]
[BlackElo "2435"]
[PlyCount "154"]
[EventDate "2016.01.26"]
[Source "GM Rep 1 - 1.d4"]
[SourceDate "2011.01.01"]

1. d4 Nf6 2. c4 e6 3. Nf3 d5 4. g3 Bb4+ 5. Bd2 Be7 6. Bg2 O-O 7. O-O Nbd7 8.
Qb3 c6 9. Rc1 Ne4 10. Be1 b6 11. Nbd2 Nxd2 12. Nxd2 Bb7 13. e4 Rc8 14. cxd5
cxd5 15. exd5 exd5 16. Rxc8 Qxc8 17. Bxd5 Bxd5 18. Qxd5 Nf6 19. Qb3 Rd8 20. Nf3
Qf5 21. Ne5 Nd5 22. Rd1 Bf6 23. Qd3 Qxd3 24. Rxd3 Rc8 25. Kf1 Be7 26. Ke2 f6
27. Nf3 Rc2+ 28. Rd2 Rxd2+ 29. Bxd2 Kf7 30. Kd3 b5 31. Nh4 Ke6 32. Ng2 g6 33.
b3 a6 34. Ne1 Bd8 35. Nc2 Be7 36. a3 f5 37. Bb4 Bd8 38. Bc5 Ba5 39. Bf8 Kf7 40.
Bb4 Bd8 41. Bc5 Ke6 42. Ne1 Bf6 43. Kd2 Bg5+ 44. Kc2 Bf6 45. Nd3 Bg7 46. Nc1
Kd7 47. Ne2 Bf6 48. a4 Kc6 49. Kd3 Bd8 50. Ng1 Nf6 51. Nh3 Nd5 52. f3 Kd7 53.
axb5 axb5 54. Bf8 Bf6 55. Ng1 Bd8 56. Bg7 Ba5 57. Nh3 Bd8 58. Be5 Ke6 59. Nf2
Bb6 60. Kd2 Ba5+ 61. Ke2 Nc3+ 62. Kd3 Nd5 63. Nh3 Bd8 64. Kd2 Kd7 65. Nf2 Ba5+
66. Ke2 Nc3+ 67. Kd3 Nd5 68. g4 Ke6 69. Nh3 Bd8 70. Ke2 Be7 71. Nf2 Nb4 72.
gxf5+ gxf5 73. Kd2 Bg5+ 74. Kc3 Nd5+ 75. Kb2 Nb4 76. Kc3 Nd5+ 77. Kd3 Nb4+
1/2-1/2